| 000 -LEADER |
| fixed length control field |
00690nam a22001937a 4500 |
| 008 - FIXED-LENGTH DATA ELEMENTS--GENERAL INFORMATION |
| fixed length control field |
131021b xxu||||| |||| 00| 0 alb d |
| 020 ## - INTERNATIONAL STANDARD BOOK NUMBER |
| International Standard Book Number |
9789951160414 |
| 041 ## - LANGUAGE CODE |
| Language code of text/sound track or separate title |
alb |
| 041 ## - LANGUAGE CODE |
| Language code of text/sound track or separate title |
eng |
| 080 ## - UNIVERSAL DECIMAL CLASSIFICATION NUMBER |
| Universal Decimal Classification number |
061.3 |
| Common auxiliary subdivision |
(042.3) |
| 245 00 - TITLE STATEMENT |
| Title |
Kumtesa : |
| Statement of responsibility, etc |
[redaktor teknik Murteza Osdautaj]. |
| 260 ## - |
| -- |
Prishtinë : |
| -- |
Ministria e Arsimit, Shkencës dhe Teknologjisë, |
| -- |
2011. |
| 300 ## - |
| -- |
338 f. : |
| -- |
me il.; |
| -- |
24 cm. |
| 500 ## - |
| -- |
Parathënia / Ramë Buja: f. [5-6] |
| 500 ## - |
| -- |
Dy fjalë lexuesit / Murteza Osdautaj : f. [7] |
| 650 #4 - |
| -- |
Shkenca |
| -- |
Konferenca |
| -- |
Kosovë |
| 700 1# - |
| -- |
Osdautaj, Murteza |
| 942 ## - ADDED ENTRY ELEMENTS (KOHA) |
| Source of classification or shelving scheme |
|
| Item type |
Books |